00972nam a2200241 a 450000100060000000300080000600500170001400800410003103500190007204000320009104100080012308200220013110000390015324500590019226000510025130000270030250500650032965000210039494200120041599900170042795201430044495201430058750698BD-RjUL20211209075541.0160828r19631960nyua b 000 0 eng  a(BD-RjUL)50818 aDLCcDLCdDLCdBD-RjULbeng aeng00a500223bASI 19631 aAsimov, Isaac,d1920-1992.915179214aThe intelligent man's guide to science /cIsaac Asimov aNew York :bBasic Books,c1960 [Printing 1963] a2 v. :bill. ;c26 cm.0 av. 1. The physical sciences.--v. 2. The biological sciences. 0aScience.9151793 2ddccBK c50698d50698 00102ddc40708NFICaRUCLbRUCLcStackd1966-06-25eAsia foundation, Giftl0o500 ASI V-1 1963r2016-08-28 00:00:00tC-2w2016-08-28yBK 00102ddc40708NFICaRUCLbRUCLcStackd1966-06-25eAsia foundation, Giftl0o500 ASI V-2 1963r2016-08-28 00:00:00tC-2w2016-08-28yBK